Les 100 villes les plus denses de France hors Ile-de-France - Statistiques

Statistiques générales
  • Ce quiz a été pris 231 fois
  • Le résultat moyen est 29 sur 100
Statistiques - réponses
Rang Départements Villes Densité (h/km²) % Correct
1 (69) Rhône Lyon 10 925
99%
10 (59) Nord Lille 6 732
95%
2 (69) Rhône Villeurbanne 10 483
88%
4 (38) Isère Grenoble 8 726
85%
27 (06) Alpes-Maritimes Nice 4 765
82%
6 (59) Nord Roubaix 7 470
82%
16 (33) Gironde Bordeaux 5 287
79%
9 (54) Meurthe-et-Moselle Nancy 6 999
78%
60 (67) Bas-Rhin Strasbourg 3 670
75%
11 (59) Nord Tourcoing 6 495
74%
63 (13) Bouches-du-Rhône Marseille 3 619
72%
17 (76) Seine-Maritime Rouen 5 254
71%
38 (35) Ille-et-Vilaine Rennes 4 376
70%
23 (44) Loire-Atlantique Nantes 4 890
67%
19 (34) Hérault Montpellier 5 196
66%
43 (31) Haute-Garonne Toulouse 4 171
66%
59 (06) Alpes-Maritimes Cannes 3 799
64%
42 (83) Var Toulon 4 172
64%
68 (63) Puy-de-Dôme Clermont-Ferrand 3 465
63%
66 (76) Seine-Maritime Le Havre 3 584
63%
46 (14) Calvados Caen 4 133
59%
54 (21) Côte-d'Or Dijon 3 910
59%
24 (68) Haut-Rhin Mulhouse 4 883
59%
40 (45) Loiret Orléans 4 231
59%
50 (37) Indre-et-Loire Tours 3 954
57%
62 (49) Maine-et-Loire Angers 3 649
56%
87 (59) Nord Valenciennes 3 128
55%
56 (51) Marne Reims 3 863
53%
37 (69) Rhône Vénissieux 4 389
49%
30 (10) Aube Troyes 4 694
48%
64 (62) Pas-de-Calais Arras 3 585
46%
8 (74) Haute-Savoie Annemasse 7 346
38%
47 (69) Rhône Bron 4 101
38%
77 (56) Morbihan Lorient 3 275
38%
92 (24) Dordogne Périgueux 3 044
28%
13 (971) Guadeloupe Pointe-à-Pitre 5 707
27%
29 (38) Isère Échirolles 4 699
25%
39 (03) Allier Vichy 4 270
25%
18 (33) Gironde Talence 5 248
24%
93 (59) Nord Wattrelos 3 043
24%
45 (69) Rhône Caluire-et-Cuire 4 143
20%
12 (69) Rhône Oullins 6 035
20%
26 (62) Pas-de-Calais Boulogne-sur-Mer 4 780
19%
28 (59) Nord Croix 4 703
19%
90 (33) Gironde Bègles 3 077
17%
79 (60) Oise Creil 3 261
17%
21 (76) Seine-Maritime Le Petit-Quevilly 5 057
17%
76 (59) Nord Loos 3 290
17%
98 (06) Alpes-Maritimes Cagnes-sur-Mer 2 907
16%
96 (71) Saône-et-Loire Chalon-sur-Saône 2 960
16%
5 (59) Nord La Madeleine 7 696
16%
14 (06) Alpes-Maritimes Le Cannet 5 433
16%
7 (59) Nord Mons-en-Barœul 7 388
15%
48 (38) Isère Saint-Martin-d'Hères 4 097
15%
94 (59) Nord Wasquehal 3 041
15%
88 (44) Loire-Atlantique Rezé 3 115
14%
36 (67) Bas-Rhin Schiltigheim 4 427
14%
84 (54) Meurthe-et-Moselle Vandœuvre-lès-Nancy 3 165
14%
58 (69) Rhône Villefranche-sur-Saône 3 828
14%
49 (59) Nord Armentières 3 966
13%
31 (33) Gironde Cenon 4 619
13%
72 (45) Loiret Montargis 3 358
13%
99 (06) Alpes-Maritimes Saint-Laurent-du-Var 2 885
13%
55 (76) Seine-Maritime Sotteville-lès-Rouen 3 907
13%
35 (59) Nord Lambersart 4 448
12%
85 (33) Gironde Lormont 3 150
10%
80 (69) Rhône Sainte-Foy-lès-Lyon 3 247
10%
82 (69) Rhône Saint-Fons 3 237
9%
33 (33) Gironde Le Bouscat 4 525
8%
25 (06) Alpes-Maritimes Beausoleil 4 788
7%
32 (63) Puy-de-Dôme Chamalières 4 582
7%
52 (59) Nord Faches-Thumesnil 3 937
7%
69 (38) Isère Fontaine 3 444
7%
65 (69) Rhône La Mulatière 3 585
7%
3 (59) Nord Lannoy 10 106
7%
100 (69) Rhône Tassin-la-Demi-Lune 2 861
7%
67 (59) Nord Ronchin 3 560
6%
44 (59) Nord Saint-André-lez-Lille 4 162
6%
15 (54) Meurthe-et-Moselle Saint-Max 5 416
6%
71 (76) Seine-Maritime Déville-lès-Rouen 3 372
5%
81 (76) Seine-Maritime Sainte-Adresse 3 238
5%
70 (67) Bas-Rhin Lingolsheim 3 416
4%
78 (57) Moselle Montigny-lès-Metz 3 266
4%
75 (76) Seine-Maritime Bihorel 3 292
3%
53 (67) Bas-Rhin Bischheim 3 935
3%
74 (67) Bas-Rhin Hœnheim 3 305
3%
41 (59) Nord Lys-lez-Lannoy 4 185
3%
86 (59) Nord Mouvaux 3 147
3%
22 (74) Haute-Savoie Ambilly 4 910
2%
57 (54) Meurthe-et-Moselle Jarville-la-Malgrange 3 849
2%
61 (59) Nord Anzin 3 662
1%
51 (06) Alpes-Maritimes Beaulieu-sur-Mer 3 953
1%
91 (69) Rhône Fontaines-sur-Saône 3 046
1%
34 (10) Aube Les Noës-près-Troyes 4 493
1%
20 (33) Gironde Sainte-Foy-la-Grande 5 151
1%
73 (69) Rhône Sathonay-Camp 3 315
1%
89 (57) Moselle Stiring-Wendel 3 105
1%
95 (62) Pas-de-Calais Billy-Montigny 3 017
0%
97 (62) Pas-de-Calais Montigny-en-Gohelle 2 909
0%
83 (01) Ain Saint-Laurent-sur-Saône 3 185
0%
Aucun quiz correspondant
Distribution des résultats
% des personnes avec chaque résultat
Percentile par nombre de réponses
Votre historique - résultats
Vous n’avez pas pris ce quiz